LIBRARY & INFORMATION CENTRE, KCAET, TAVANUR

ONLINE PUBLIC ACCESS CATALOGUE (OPAC)

Computer graphics with 29 ready to run programs / (Record no. 7368)

MARC details
000 -LEADER
fixed length control field 00462cam a2200181ua 4500
020 ## - INTERNATIONAL STANDARD BOOK NUMBER
ISBN 0-8306-1276-9
041 ## - LANGUAGE CODE
Language code of text/sound track or separate title eng
082 ## - DEWEY DECIMAL CLASSIFICATION NUMBER
Classification number 006.68
Item number CHA/CO
100 ## - MAIN ENTRY--AUTHOR NAME
Personal name Chance, David .
245 ## - TITLE STATEMENT
Title Computer graphics with 29 ready to run programs /
250 ## - EDITION STATEMENT
Edition statement 1 /
260 ## - PUBLICATION, DISTRIBUTION, ETC. (IMPRINT)
Place of publication :
Name of publisher Tab Books INC ,
Year of publication 1981.
300 ## - PHYSICAL DESCRIPTION
Number of Pages 277 ; .
942 ## - ADDED ENTRY ELEMENTS (KOHA)
Koha item type Books
Holdings
Withdrawn status Lost status Damaged status Home library Current library Date acquired Full call number Accession Number Koha item type
      KAUAET KAUAET 07/04/2012 006.68 17837 Books
free website counter